[Event "Hoogeveen Essent Crown"]
[Site "Hoogeveen"]
[Date "2005.10.24"]
[Round "2"]
[White "Sokolov, Ivan"]
[Black "Sutovsky, Emil"]
[Result "1-0"]
[WhiteElo "2696"]
[BlackElo "2654"]
[Annotator "Krasenkow,M"]
[PlyCount "91"]
[EventDate "2005.10.21"]
[EventType "tourn"]
[EventRounds "6"]
[EventCountry "NED"]
[EventCategory "16"]
[SourceTitle "CBM 110"]
[Source "ChessBase"]
[SourceDate "2006.01.31"]
[SourceVersion "1"]
[SourceVersionDate "2006.01.31"]
[SourceQuality "1"]

1. d4 Nf6 2. c4 g6 3. Nc3 d5 4. Bg5 Ne4 5. Bh4 Nxc3 6. bxc3 dxc4 7. e3 Be6 8.
Nf3 c6 {An interesting alternative to the normal moves} (8... Bg7 {and}) (8...
Bh6) 9. Ng5 {White must recapture the pawn, otherwise his compensation is
insufficient, e.g.} (9. Ne5 $6 b5 10. Be2 f6 11. Nf3 Nd7 12. a4 a6 13. Nd2 Bg7
14. Bf3 Rc8 15. axb5 axb5 16. Ra6 Nb6 17. O-O O-O 18. Qa1 Bd5 19. e4 Bf7 20.
Qa3 Bh6 21. Rd1 Re8 22. Nf1 Ra8 $17 {0-1 Korniushin,N-Kachar,V/Moscow 1998/EXT
99 (34)}) 9... Bd5 (9... Qa5 {makes no major sense:} 10. Qd2 Bd5 11. e4 h6 12.
exd5 hxg5 13. dxc6 Nxc6 14. Bxg5 b5 15. Be2 Rd8 16. O-O Bg7 17. Rfe1 $14 {
1/2-1/2 Valles Moreno,I-Simonenko,S/Madrid 2001/CBM 084 ext (49)}) 10. e4 h6
11. exd5 hxg5 12. dxc6 $8 Nxc6 13. Bxg5 Qd5 {Black has given his extra pawn
back but he has no development problems anymore.} 14. h4 (14. Qg4 e5 $5 15. Bf6
Rh5 16. Be2 exd4 17. Bf3 Qf5 18. Bxc6+ bxc6 19. Qe2+ Kd7 20. Bxd4 Re8 21. Be3
Qe4 22. O-O Bd6 23. Rfd1 Kc7 $11 {1/2-1/2 Leitao,R-Vallejo Pons,F/Khanty
Mansyisk RUS 2005/The Week in Chess 578 (50)}) 14... Bh6 $1 {Depriving White
of his bishop pair.} (14... Bg7 $143 15. Rh3 f6 16. Be3 e5 17. Qg4 Kf7 18. Rg3
g5 19. hxg5 exd4 20. gxf6 Bxf6 21. cxd4 $6 (21. Qg6+ Ke7 22. Rf3 Raf8 23. cxd4
$40) 21... Rag8 22. Qf3 $6 Qa5+ 23. Ke2 $13 {1/2-1/2 Chuchelov,V-Wantiez,F/
Netherlands 1998/EXT 99 (33)}) 15. Bxh6 Rxh6 16. Be2 (16. Qe2 g5 $1 {[%cal
Og5h4,Ce2c4,Rh6e6]}) 16... Qe4 (16... g5 $5 17. Bf3 Qa5 18. Qd2 O-O-O $36 {
[%cal Oh6h4,Ce1c1,Ch4g5,Ye7e5]}) 17. Qd2 (17. f3 Qf4 18. Kf2 Rxh4 19. Qa4 Qh6
20. Rxh4 Qxh4+ 21. Kg1 O-O-O 22. Qxc4 Rh8 23. Rd1 e6 24. d5 {1/2-1/2 Petkov,
V-Brkic,A/Zadar CRO 2005}) 17... Rxh4 18. O-O-O (18. Rxh4 Qxh4 19. Bxc4 O-O-O
$15 {[%cal Ye7e5]}) 18... Rxh1 19. Rxh1 O-O-O {Black has won a pawn and it is
not easy for White to prove his compensation.} 20. Bf3 Qe6 21. Qc2 Qd7 (21...
Na5 22. Qa4 Qf5 23. Re1 $44 {[%cal Oe1e7,Re1e5]}) 22. Qa4 Ne5 $6 {Losing
patience in an excellent position.} (22... Kb8 $5 23. Bxc6 (23. Qxc4 Rc8 $1 $15
) (23. Rh7 Qe6 $5) 23... Qxc6 24. Qxc6 bxc6 25. Rh7 Rf8 $15 {[%cal Yb8d6,Yd6e6,
Yd6d5] Black's extra pawn should not be underestimated.}) 23. Qxd7+ Nxd7 24.
Rh7 Rf8 25. Bd5 e6 26. Bxc4 $11 {[%mdl 4096] The endgame is still equal but
Black plays very poorly.} Nf6 27. Rh1 Kd7 28. Bd3 Ng4 $6 {Don't move
well-placed pieces!} (28... Rc8 29. Kd2 Kd6 $11 {[%cal Ye6e5]}) 29. f3 Ne3 $6 (
29... Nf6 $142) 30. g3 Nf5 31. g4 Nd6 32. Rh7 {[%cal Rd3g6]} Rc8 (32... Kc6 33.
c4 b6 $14 {[%csl Gh7]}) 33. Kd2 Ke8 (33... Kc6 34. c4 b6 35. g5 $1 $16) 34.
Rh8+ Kd7 35. Rxc8 Nxc8 36. g5 $1 {Fixing your rival's pawns on the squares of
your bishop, after which they become weak - this is the main strategic
principle in the B vs N endgame! Besides, this pawn now holds two. The
position is already favorable for White.} Ne7 (36... Kd6 37. c4 (37. f4 Kd5 {
[%cal Yc8d6]}) 37... e5 {is probably insufficient:} 38. c5+ $1 Kd5 39. dxe5
Kxc5 40. e6 $1 fxe6 41. Bxg6 $16) 37. c4 Nc6 38. Kc3 b6 $2 {Black persists
defending passively, which eventually leads him to a defeat.} (38... e5 $1 {
was now appropriate:} 39. dxe5 (39. d5 Nd4 40. f4 Kd6) 39... Nxe5 40. Be4 b6 {
should be a draw}) 39. Be4 Ne7 40. f4 Nc8 (40... Kc7 41. Kb4 {and the endgame
after} Nc6+ 42. Bxc6 Kxc6 {is lost for Black:} 43. c5 $1 a6 (43... Kc7 44. Kb5
Kb7 45. cxb6 axb6 46. a3 Kc7 47. Ka6 Kc6 48. a4 Kc7 49. Ka7 Kc6 50. Kb8 $18) (
43... Kb7 44. Kb5 $1 a6+ 45. Kc4 $18) (43... bxc5+ 44. dxc5 a6 45. Ka5 Kxc5 46.
Kxa6 $18) 44. Kc4 $1 Kc7 (44... b5+ 45. Kb4 Kb7 (45... Kc7 46. Ka5 Kb7 47. a3
Ka7 48. c6 $18) 46. Ka5 Ka7 47. c6 b4 48. Kxb4 Kb6 49. c7 Kxc7 50. Kc5 $18) 45.
cxb6+ Kxb6 46. d5 $1 exd5+ (46... Kc7 47. dxe6 fxe6 48. Kc5 $18) 47. Kxd5 Kc7
48. Kc5 $18) 41. c5 $1 Ne7 42. Kc4 Kc7 43. Kb5 Nf5 $4 {The pawn endgame with
the f5 pawn is also lost (cf. annotation to move 40).} (43... bxc5 $8 44. Kxc5
(44. dxc5 Nd5 45. Bxd5 exd5 46. c6 d4 47. Kc4 Kxc6 48. Kxd4 Kd6 $11) 44... Nc8
$1 (44... Kd7 45. Kb5 Kc7 (45... Kd6 46. Ka6 Nf5 $1 47. Kxa7 Nxd4 48. Kb6 e5
49. fxe5+ Kxe5 50. Bd3 f6 51. gxf6 Kxf6 52. a4 Nb3 53. Bc4 Nd2 54. Ba2 g5 55.
a5 g4 56. a6 g3 57. Bd5 $18) (45... Nc8 46. Ka6 Nd6 47. Bd3 $1 (47. Bh1 Kc7 48.
a4 Kb8 49. d5 Ne8 $1) 47... Kc6 48. Kxa7 Kd5 49. Kb6 Kxd4 50. Bf1 $18) 46. Ka6
Kb8 47. a3 Nc8 48. d5 Nd6 49. dxe6 Nxe4 50. f5 $3 Nc5+ 51. Kb5 Nxe6 52. fxe6
fxe6 53. Kc6 $18) 45. d5 Nd6 $16 {The position requires a detailed analysis;
Black may survive because there are too few pawns on the board.}) 44. Bxf5 gxf5
45. Kc4 {[%cal Rd4d5]} Kc6 46. a4 {Black resigns as he must allow d4-d5 (46...
bxc5 47.dxc5 followed by Kc4-d4-e5-f6), after which the white king gets to the
f5 pawn (e.g. 46...a6 47.cxb6 Kxb6 48.d5)} 1-0

[Event "USA-ch GpB"]
[Site "San Diego"]
[Date "2006.03.07"]
[Round "5"]
[White "Perelshteyn, Eugene"]
[Black "Kriventsov, Stanislav G"]
[Result "1/2-1/2"]
[WhiteElo "2522"]
[BlackElo "2449"]
[Annotator "Krasenkow,M"]
[PlyCount "82"]
[EventDate "2006.03.02"]
[EventType "swiss"]
[EventRounds "9"]
[EventCountry "USA"]
[SourceTitle "CBM 112"]
[Source "ChessBase"]
[SourceDate "2006.06.07"]
[SourceVersion "1"]
[SourceVersionDate "2006.06.07"]
[SourceQuality "1"]

1. d4 Nf6 2. c4 g6 3. Nc3 d5 4. Bg5 Ne4 5. Bh4 Nxc3 6. bxc3 Bg7 7. cxd5 Qxd5 8.
e3 c5 9. Qf3 Qxf3 10. Nxf3 Nc6 11. Rb1 O-O 12. Bd3 Re8 13. Be4 cxd4 14. cxd4 e5
{About this line - see CBM 104, annotations to Dreev-Timofeev.} 15. d5 (15.
Bxc6 $6 bxc6 16. Nxe5 c5 $1 17. O-O cxd4 18. exd4 Bxe5 19. dxe5 Rxe5 20. Rfe1 {
1/2-1/2 Dreev,A-Timofeev,A/Moscow 2004/CBM 104/[Krasenkow]}) 15... Nd4 $1 {
[%mdl 64]} (15... Ne7 $143 16. Nd2) 16. Nd2 f5 {This looks risky as the d4
knight has no route to escape; however, tactical means enable Black to
equalize.} (16... Nf5 17. Bxf5 Bxf5 18. e4 $14) 17. Bd3 h6 $1 18. Bg3 (18. exd4
exd4+ 19. Kd1 g5) (18. f3 e4 $1 19. Nxe4 (19. fxe4 fxe4 20. Nxe4 Bf5 $1 {
leads to a good position for Black}) 19... fxe4 20. fxe4 Nf5 {is similar to
the game}) 18... g5 $1 (18... e4 $143 19. Bf1 Nc2+ $140 20. Kd1 Na3 21. Rb3)
19. f3 (19. h4 e4 $1 20. Bf1 f4 $1 21. exf4 e3 $1 $40) 19... e4 $1 20. Nxe4
fxe4 21. fxe4 Nf5 $1 22. exf5 Rxe3+ 23. Kd2 Rxd3+ 24. Kxd3 Bxf5+ 25. Kc4 Rc8+
26. Kb4 Bf8+ 27. d6 Bxb1 28. Rxb1 Kf7 {A forced line has lead to a drawn
endgame.} 29. Ka5 {A last attempt to gain something.} Ke6 (29... Rc5+ 30. Ka4
b6 $2 {doesn't work due to} 31. Rf1+ Kg8 32. Rd1) 30. Rxb7 Bxd6 31. Bxd6 Kxd6
32. Rxa7 Rc2 33. a4 h5 $1 {Black's pawns are not weaker than White's a-pawn.
If White loses both kingside pawns he may get into trouble.} 34. h4 $1 Rxg2 35.
hxg5 Rxg5+ 36. Kb6 Rg4 37. a5 Rb4+ 38. Ka6 h4 39. Rh7 Ke6 40. Ka7 Kf5 41. a6
Kg4 1/2-1/2

[Event "Samba Cup 2nd"]
[Site "Skanderborg"]
[Date "2005.10.23"]
[Round "9"]
[White "Jobava, Baadur"]
[Black "Miton, Kamil"]
[Result "1-0"]
[WhiteElo "2601"]
[BlackElo "2636"]
[Annotator "Krasenkow,M"]
[PlyCount "77"]
[EventDate "2005.10.14"]
[EventType "tourn"]
[EventRounds "9"]
[EventCountry "DEN"]
[EventCategory "16"]
[SourceTitle "CBM 110"]
[Source "ChessBase"]
[SourceDate "2006.01.31"]
[SourceVersion "1"]
[SourceVersionDate "2006.01.31"]
[SourceQuality "1"]

1. d4 Nf6 2. c4 g6 3. Nc3 d5 4. Bg5 Bg7 5. Bxf6 Bxf6 6. cxd5 c6 7. Rc1 $5 {
A fresh idea, introduced by GM A.Dreev in 2004.} (7. e4 {-CBM73,CBM90}) 7...
O-O (7... cxd5 $2 8. Nxd5) (7... Qb6 8. e3 Qxb2 9. Bc4 Qb4 10. Qb3 Qxb3 11.
Bxb3 O-O 12. Nf3 Rd8 13. O-O $14 Kf8 14. Ne4 $6 (14. h3 $142 $1 {to prevent 14.
..Bg4}) 14... Bf5 15. Neg5 Bxg5 16. dxc6 Nxc6 17. Nxg5 f6 18. Ne6+ Bxe6 19.
Bxe6 Rd6 $11 {1/2-1/2 Mchedlishvili,M-Najer,E/Saint Vincent 2005/CBM 110 (63)})
8. dxc6 Bxd4 9. c7 $1 {The point!} Bxc3+ 10. Rxc3 Qxd1+ 11. Kxd1 {[%mdl 4096]
It's not so easy for Black to regain the c7 pawn without concessions.} Nc6 12.
e4 (12. g3 Be6 13. Bg2 Rac8 14. Bxc6 bxc6 15. Nf3 Rxc7 16. Kc1 Rb8 17. b3 a5
18. Ng5 Bf5 19. Rc4 Rb4 $1 $11 {1/2-1/2 Dreev,A-Sakaev,K/Tripoli 2004/CBM 102 
(23)}) 12... Bd7 (12... Bg4+ $142 $1 13. Be2 (13. f3 Bd7 {and White has no 14.
Nf3}) 13... Bxe2+ {The simplifying bishop exchange is favorable for Black.} 14.
Kxe2 Rfc8 15. Nf3 Rxc7 $11 16. Rd1 Rcc8 $2 {A strange decision.} (16... Rac8
$11 17. Rdc1 $140 Rd8) 17. Rd7 Rab8 18. Rb3 Na5 $2 (18... b5) 19. Rb5 b6 20.
Rxa7 $18 {1-0 Azmaiparashvili,Z-Sutovsky,E/Saint Vincent 2005/CBM 110 (43)})
13. Nf3 Rfc8 14. Bb5 Rxc7 15. Kd2 {The pin along the c-file is quite annoying.}
(15. Ke2 $143 a6 16. Ba4 Nd4+ $1 17. Nxd4 Rxc3 18. Bxd7 Rc7 $5 (18... Rc4 19.
Rd1 e5 20. Nf3 Rxe4+ 21. Kf1 $14) 19. Bh3 e5 20. Nf3 Rc2+ 21. Ke3 Rxb2 22. Nxe5
Rxa2 $44 {[%csl Ga6,Gb7]}) 15... a6 16. Ba4 {A "spanish" manoeuvre provoking
weakening ...b7-b5.} Rcc8 (16... f6 {[%cal Ye7e5] looks logical but meets a
nice refutation:} 17. Nd4 $1 Rd8 (17... Nxd4 18. Rxc7 Bxa4 19. Rc4) 18. Ke3
Nxd4 {Otherwise Black gets a weak c6 pawn.} 19. Bb3+ $3 Nxb3 20. Rxc7 {[%cal
Oa2b3,Rh1d1]} Bb5 $1 21. axb3 Rd3+ 22. Kf4 e5+ 23. Kg4 Rxb3 24. f3 $16 {
[%cal Oc7b7,Cb3b2,Rh1d1]}) (16... Kf8 17. Ke3 {[%cal Yf3d4]}) 17. Rhc1 b5 18.
Bb3 e6 19. e5 Kf8 (19... Na5 $5 20. Nd4 $5) 20. Bc2 {[%cal Cb5b4,Cb4c3,Rc2e4]}
Na5 $2 {Too late! White can now keep this knight on the edge.} (20... Nb4 $1
21. Bb1 (21. Be4 Nxa2 $1) 21... Rxc3 22. Rxc3 Bc6 $11) 21. Bd3 {Preventing ...
Nc4 and keeping the c-file.} Rxc3 (21... Ke7 22. Ng5 $5) 22. Rxc3 Nc6 $2 {
This leads to a lost endgame.} (22... Rc8 23. Ra3 $1 {[%csl Ra6]}) (22... Ke7
$16 {was probably the only way to defend.}) 23. Be4 Rc8 24. Bxc6 $1 {It turns
out that the endgame N vs B is poor for Black.} Bxc6 (24... Rxc6 25. Rxc6 Bxc6
26. Kc3 $1 {[%cal Cc6d5,Cd5a2,Rc3a5]} a5 (26... Bd5 27. a3 a5 28. b4 $1 a4 29.
Kd4 $18) 27. Kd4 Bd5 28. Kc5 $1 b4 29. Kb5 $18) 25. Ke3 {The pin is deadly as
Black can't exchange the rooks.} Ke7 26. Ng5 h6 27. Ne4 Rc7 (27... Bd7 28. Rxc8
Bxc8 29. Nd6 Bd7 30. Kd4 $18) 28. g4 $1 {Creating a second weakness, which is
the h6 pawn (the first one is Black's queenside, of course).} Kd8 29. Nf6 $1 a5
30. h4 Kc8 31. Ng8 $1 h5 32. gxh5 gxh5 33. Nf6 Kb7 34. Nxh5 b4 35. Rc1 Rd7 36.
Nf6 Rd8 37. h5 Bb5 38. Kf4 Rd3 39. Rh1 {Despite White's win, 7.Rc1 doesn't
look too dangerous for Black.} 1-0

[Event "WchT 8th"]
[Site "Ningbo"]
[Date "2011.07.19"]
[Round "3.4"]
[White "Moiseenko, Alexander"]
[Black "Gopal, Geetha Narayanan"]
[Result "1-0"]
[WhiteElo "2715"]
[BlackElo "2576"]
[Annotator "Krasenkow,M"]
[PlyCount "207"]
[EventDate "2011.07.17"]
[EventType "team-tourn"]
[EventRounds "9"]
[EventCountry "CHN"]
[SourceTitle "CBM 144"]
[Source "ChessBase"]
[SourceDate "2011.09.16"]
[SourceVersion "1"]
[SourceVersionDate "2011.09.16"]
[SourceQuality "1"]
[WhiteTeam "Ukraine"]
[BlackTeam "India"]
[WhiteTeamCountry "UKR"]
[BlackTeamCountry "IND"]

1. d4 Nf6 2. c4 g6 3. Nc3 d5 4. Bg5 Bg7 5. Bxf6 Bxf6 6. cxd5 c5 {A rare move,
which appeared in GM practice this year.} (6... c6 {is common.}) 7. dxc5 (7.
dxc6 {transposes to 6...c6 7.dxc6, which is not dangerous for Black (7.e4 or 7.
Rc1 are more to the point).}) 7... Nd7 (7... Qa5 {was played in the stem game,
when White didn't show his best:} 8. Qd2 (8. Rc1 {looks better}) 8... Nd7 9.
Ne4 (9. a3 $5) (9. Nf3 $5) 9... Qxd2+ 10. Kxd2 Bxb2 11. Rb1 Ba3 12. e3 Nxc5 13.
Bb5+ Kf8 14. Nxc5 Bxc5 15. Nf3 Kg7 $15 {0-1 Al Sayed,M (2485)-Melkumyan,H 
(2580)/Sarajevo BIH 2011/The Week in Chess 861 (48)}) 8. Qa4 $5 {An
interesting try.} (8. e4 Qa5 {gives Black counterplay.}) 8... O-O (8... Qc7 $5
9. c6 $140 O-O $1) 9. Qa3 Bd4 10. Nf3 Bxc5 11. Qb3 {Black has recaptured one
of the pawns but now his bishop is misplaced.} Bd6 12. e3 Nc5 13. Qc4 b5 $5 (
13... Qb6 $44 {was quieter.}) 14. Qh4 {White decides to avoid any
complications although it is unclear whether Black gets sufficient
compensation for the missing material after} (14. Nxb5 Ba6 15. Nfd4) 14... b4
15. Nb5 b3 (15... Ba6 $5) 16. Bc4 $1 Qa5+ 17. Nc3 bxa2 18. O-O Qb4 19. Rxa2 $16
{White has completed his development and kept the extra pawn.} Bd7 20. Rd1 f6
21. Bb5 Qxh4 22. Nxh4 Rfb8 23. Bxd7 Nxd7 24. Nf3 Rb6 25. Nd4 Ne5 26. Kf1 Rab8
27. b3 a6 28. Na4 R6b7 29. Rc2 Kf7 30. Ke2 f5 31. Nb2 Nd7 32. Nc4 Nf6 33. Nxd6+
exd6 34. Rc6 Rb6 35. Rc7+ Kg8 36. Nc6 R8b7 37. Rc8+ Kg7 38. Na5 Rb8 39. Rc7+
Kg8 40. Kf3 Rb5 41. Nc6 R8b7 42. Rc8+ Kg7 43. Nd8 Rb8 44. Rc7+ Kg8 45. Nc6 R8b7
46. Rxb7 Rxb7 {[%mdl 4096]} 47. Nd4 $6 {The knight will be very passive here 
(in the centre!).} (47. Na5 $142 Rb5 48. Nc4 Ne4 49. Ra1 $1 $16) 47... Kf7 $6 (
47... Rb6 $1 {ties White's rook to the d-file (in order to have Nd4xf5 in
reply to ...Nf6xd5), after which he can hardly win. The text move allows White
to improve the position of his rook. Still, a draw is quite probable.}) 48. Ra1
Rb6 49. Ra5 Nd7 50. h3 Kf6 51. g4 Nc5 52. gxf5 gxf5 53. Ra3 Rb4 (53... Ke5 54.
b4 $1) (53... Ne4 $5 {[%cal Yf6e5]}) 54. Ke2 Rb6 (54... f4 $1 {, anticipating
f2-f3 and swapping another pair of pawns. Black apparently should not lose in
that case.}) 55. f3 $1 {[%cal Ye2d2,Yd2c3]} a5 ({Even here} 55... f4 $1 56.
exf4 (56. e4 Rb4) 56... Rb4 57. Ke3 a5 {creates serious technical problems for
White.}) 56. Kd2 Ke5 $2 {Looks like a decisive mistake. Black doesn't prevent
Kd2-c3, and White frees his pieces.} (56... Rb7 $1 57. Kc3 $140 Re7 $1 58. Nc2
Rc7 59. Kd2 Rg7 $132) 57. Kc3 Nb7 58. Nc6+ (58. Ra1 {[%cal Ya1g1] may be even
better.}) 58... Kxd5 59. Nxa5 Nxa5 60. Rxa5+ Ke6 61. Ra7 Rc6+ 62. Kd2 Rb6 63.
Kc3 Rc6+ 64. Kb2 Rc5 65. b4 $6 {Instead of the simple} (65. Rxh7 Re5 66. Rh6+
Ke7 (66... Kf7 67. e4 $1) 67. Rh5 Rxe3 68. Rxf5 {White starts playing
passively, and Black again gets drawing chances.}) 65... Re5 66. Ra8 $6 {
A loss of time as Black's king must go to the queenside anyway.} (66. Ra3 Kd7
67. Rc3) 66... Kd7 67. Ra3 Kc6 68. Rd3 Re6 69. h4 Rh6 70. Rd4 Re6 71. Rd3 Rh6
72. Rd4 Re6 73. Rf4 Rxe3 74. Rxf5 d5 75. Kc2 d4 76. b5+ Kb6 77. h5 h6 78. f4
Rf3 79. Kd2 d3 80. Kc3 Ka5 81. Kd2 Kb6 82. Kc3 Ka5 83. Rd5 Rxf4 84. Kxd3 Kb6
85. Ke3 Rh4 86. Kf3 Rb4 87. Rd6+ Kxb5 $2 {Black has finally got a drawish
position but commits another slip. His rook must attack White's h-pawn from
the flank.} (87... Kb7 $1 88. Rd7+ (88. Rxh6 Rxb5 {with a drawish Vancura
position, e.g.} 89. Kg4 Rb4+ 90. Kf5 Rb5+ 91. Kg6 Rb6+ 92. Kg7 Rb5 $1 93. Rh8
Rc5 $1) 88... Kb6 89. Rh7 Rxb5 90. Kg4 Kc6 ({or} 90... Ka5 91. Rxh6 Rb4+) 91.
Rxh6+ Kd7 $11) 88. Rxh6 Rh4 (88... Kc5 89. Rh8 {[%cal Rh5h6,Rh6h7]} Rh4 90. h6
Kc6 {, and this is how White wins in this well-known position:} 91. Kg3 ({
but not} 91. h7 $4 Kb7) 91... Rh1 92. Kg4 Rh2 (92... Kd7 $2 93. h7 Kc7 94. Ra8)
93. Kf5 Rf2+ 94. Kg6 Rg2+ 95. Kh7 Kd7 96. Rg8 Rf2 97. Kg7 Rg2+ 98. Kh8 Rf2 99.
h7 Ke6 (99... Ke7 100. Kg7 Rg2+ 101. Kh6 Rh2+ 102. Kg6 Rg2+ 103. Kf5) 100. Kg7
Rg2+ 101. Kf8 Rf2+ 102. Ke8 Ra2 103. Rg6+ Kf5 104. Rf6+ $1 Kg5 (104... Ke5 105.
Rh6 Ra8+ 106. Kf7 Ra7+ 107. Kg6) 105. Rf8 Ra8+ 106. Kf7 Ra7+ 107. Kg8 $18) 89.
Kg3 Rh1 90. Kg4 Rg1+ 91. Kf5 Rh1 92. Kg5 Rg1+ 93. Kf6 Rh1 94. Kf7 (94. Rh8 {
is simpler:} Kc6 95. h6 Kd7 $2 96. h7 {[%cal Rh8a8]}) 94... Kc5 95. Kg7 Rh2 (
95... Kd4 {was much more cunning:} 96. Kf7 $1 (96. Rh8 Rg1+ $1 97. Kf7 (97. Kh7
Ke5 98. h6 Kf6) 97... Rf1+ 98. Ke6 Re1+ 99. Kd6 Rh1 100. h6 Rh2 {with a draw
as Black's king hides behind White's!}) 96... Rh2 97. Rd6+ Kc5 (97... Ke5 98.
Re6+ Kf5 99. h6) 98. Ra6 $1 Kb5 99. Rh6 Kc5 100. Rh8 Rf2+ 101. Kg6 Rg2+ 102.
Kf5 Rf2+ 103. Kg4 Kc6 104. h6 {switching to the correct plan shown above as
Black is now forced to play} Rh2) 96. Ra6 Kb5 97. Rh6 Kc5 98. Kg8 (98. Rh8 $1)
98... Rh1 99. Rh7 Kd6 100. h6 Ke5 {Now White simply frees his rook and easily
wins.} (100... Kd5 $142 101. Kf8 $1 (101. Rd7+ Kc6 102. Ra7 Kb6 103. Rh7 Kc6)
101... Rh2 102. Rd7+ Kc6 103. Ra7 $1 Kb6 104. Rh7 Kc6 105. Rh8 $1 Rf2+ 106. Kg7
{still transposing to the main winning position.}) 101. Re7+ Kd6 (101... Kf6
102. Rf7+) 102. Ra7 $1 Ke6 103. h7 Rg1+ 104. Rg7 (104. Rg7 Ra1 105. Rg2 Ra8+
106. Kg7 Ra7+ 107. Kh6 $18) 1-0